Jornades Europa i Món Local / organitzades per la Diputació de Barcelona i l'Institut de Ciències Polítiques i Socials. Flor de Maig, 24 i 25 de gener de 2002
MARC
| LEADER | 00000nam a2200000Ia 4500 | ||
|---|---|---|---|
| 001 | 14496 | ||
| 003 | BGR | ||
| 005 | 20260324175342.0 | ||
| 008 | 160829s9999 xx 000 0 cat d | ||
| 080 | |a FU-22-24 | ||
| 111 | |a Jornades Europa i Món Local |9 71269 |c (Cerdanyola del Vallès : |d 2002) | ||
| 245 | |a Jornades Europa i Món Local / organitzades per la Diputació de Barcelona i l'Institut de Ciències Polítiques i Socials. Flor de Maig, 24 i 25 de gener de 2002 | ||
| 250 | |a Ed. no venal | ||
| 260 | |a [Barcelona : |b Diputació de Barcelona, cop. 2002] | ||
| 300 | |a 36 p. ; |c 30 cm | ||
| 490 | |a Què s'ha dit? ; 8 | ||
| 590 | |a A la coberta: Flor de Maig, Centre per a la Innovació Local | ||
| 650 | |a Descentralització administrativa |x Congressos |9 31959 | ||
| 650 | |a Democràcia |x Congressos |9 28582 | ||
| 650 | 0 | |a Participació política |x Congressos |9 46070 | |
| 650 | |a Participació social |x Congressos |9 28584 | ||
| 710 | 1 | |a Barcelona (Catalunya : Província). |b Diputació |9 52408 | |
| 710 | 2 | |a Institut de Ciències Polítiques i Socials (Barcelona, Catalunya) |9 55871 | |
| 901 | |a Arxiu | ||
| 942 | |n 1 |2 udc |c JC | ||
| 952 | |0 0 |1 0 |4 0 |6 FU2224 |7 1 |9 44874 |a Arxiu |b Arxiu |d 2016-12-01 |l 0 |o FU-22-24 |p 14496 |r 2016-12-01 00:00:00 |w 2016-12-01 |y ARXIU | ||
| 999 | |c 47472 |d 47472 | ||